000 00619nam a2200181Ia 4500
008 151202s9999||||xx |||||||||||||| ||und||
082 _bPNVM-66772
100 _aनगरकर किरण.
245 _aसात सककं त्रेचाळीस.
260 _b"प्रतिमा प्रकाशन,पुणे."
260 _c2004
300 _a232
600 _aनगरकर किरण.
630 _aसात सककं त्रेचाळीस.
700 _aनगरकर किरण.
730 _aसात सककं त्रेचाळीस.
942 _cBOOK
999 _c1333304
_d1333301